Szczegóły MARC21

Business angels na rynku kapitałowym : motywacje, inwestowanie, efekty /

005 -DATA I CZAS OSTATNIEJ MODYFIKACJI [,]
    • @
    • pole kontrolne
    • 20090827101120.0
020 -Międzynarod. znormalizowany nr książki - ISBN [ , ]
    • a
    • Numer ISBN
    • 9788375560541 Find
040 -Instytucja sporządzająca opis [ , ]
    • a
    • Instytucja, która sporządziła opis (NP)
    • SZCZ U/BK
    • c
    • Instytucja, która sporządziła rekord (NP)
    • SZCZ U/DL
    • d
    • Instytucja, która zmodyfikowała rekord (P)
    • SZCZ U/AP
041 -Język dokumentu [0, ]
    • a
    • Język tekstu (P)
    • polski
044 -Kraj miejsca wydania [ , ]
    • a
    • Kraj miejsca wydania
    • Polska
942 -Rodzaj dokumentu [ , ]
    • c
    • Rodzaj dokumentu
    • Książka
100 -Hasło główne - nazwa osobowa [1, ]
    • a
    • Nazwa osobowa (NP)
    • Brzozowska, Krystyna
    • d
    • Daty biograficzne (NP)
    • (1952- ).
    • 9
    • KHW
    • 51151
245 -Strefa tytułu i oznaczenia odpowiedzialności [1,0]
    • a
    • Tytuł
    • Business angels na rynku kapitałowym : Find
    • b
    • Ciąg dalszy tytułu (NP)
    • motywacje, inwestowanie, efekty / Find
    • c
    • Pozostałe elementy strefy tytułu i oznaczenia odpowiedzialności (NP)
    • Krystyna Brzozowska.
260 -Strefa adresu wydawniczego [ , ]
    • a
    • Miejsce wydania (P)
    • Warszawa :
    • b
    • Nazwa wydawcy (P)
    • CeDeWu Wydawnictwa Fachowe,
    • c
    • Data wydania (P)
    • 2008.
300 -Strefa opisu fizycznego [ , ]
    • a
    • Określenie formy książki i/lub objętość (NP)
    • 167 s. :
    • b
    • Oznaczenie ilustracji (NP)
    • il. ;
    • c
    • Format (NP)
    • 24 cm.
504 -Uwaga dot. bibliogr. załącznikowej [ , ]
    • a
    • Uwaga dot. bibliografii załącznikowej
    • bibliogr.
080 -Uniwersalna Klasyfikacja Dziesiętna [ , ]
    • 2
    • Identyfikator wydania tablic
    • UDC-P058
    • a
    • Symbol klasyfikacji
    • 005.342
    • b
    • Dopowiedzenie
    • Zarządzanie. Zarządzanie innowacyjne. Przedsiębiorczość.
080 -Uniwersalna Klasyfikacja Dziesiętna [ , ]
    • 2
    • Identyfikator wydania tablic
    • UDC-P058
    • a
    • Symbol klasyfikacji
    • 336.76
    • b
    • Dopowiedzenie
    • Giełda papierów wartościowych. Rynek pieniężny. Rynek kapitałowy. Rynek finansowy.
080 -Uniwersalna Klasyfikacja Dziesiętna [ , ]
    • 2
    • Identyfikator wydania tablic
    • UDC-P058
    • a
    • Symbol klasyfikacji
    • 330.322.12
    • b
    • Dopowiedzenie
    • Inwestycje prywatne
980 -Symbol UKD [ , ]
    • a
    • UKD
    • 005.342:336.76:330.322.12
920 -ISBN [ , ]
    • a
    • ISBN
    • 978-83-7556-054-1 Find
Data inwentaryzacji Lokalizacja Status udost. Numer inwentarzowy Sygnatura
2009-05-11T-2T.10522T.10522
2009-07-03T-3TM.6729 
2009-07-03T-3TM.6730 
2009-05-11T-2TM.6580